| 000 | 01442nam a2200337 a 4500 | ||
|---|---|---|---|
| 001 | BRL_1274 | ||
| 005 | 20190320211125.0 | ||
| 008 | 171213t1983----cn-aob####---#000-0#eng-# | ||
| 020 | _a0888543018 | ||
| 041 | _aeng | ||
| 044 | _acn | ||
| 050 | 4 |
_aHF3752 _b.V65 1983 |
|
| 100 | 1 |
_aVollmer, John E. _d1945- _926342 |
|
| 245 | 1 | 0 |
_aSilk roads, China Ships _cJohn E. Vollmer, E. J. Keall [and] E. Nagai-Berthrong. |
| 260 |
_aToronto, Ontario _bRoyal Ontario Museum _c1983 |
||
| 300 |
_axvi, 240 p. _bil., mapas, fotografías _c26 cm. |
||
| 500 | _aAu1657 | ||
| 500 | _aAn exhibition of East-West Trade. Skil Roads, China Ships Will be on view at the Royal Ontario Museum, Toronto, from 10 september 1983 to 8 January 1984 | ||
| 504 | _aBibliografía: p. 175. | ||
| 650 | 1 | 4 |
_aManufacturas _vExposiciones _xInfluencias extranjeras -Historia _zAsia _926343 |
| 650 | 1 | 4 |
_aManufacturas _vExposiciones _xInfluencias extranjeras -Historia _zEuropa _926344 |
| 650 | 1 | 4 |
_aArte decorativo _vExposiciones _zEuropa _926345 |
| 650 | 1 | 4 |
_aArte decorativo _vExposiciones _zAsia _926346 |
| 651 | 4 |
_aAsia _vExposiciones _xComercio - Influencias extranjeras -Historia _926347 |
|
| 651 | 4 |
_aEuropa _vExposiciones _xComercio - Influencias extranjeras -Historia _926348 |
|
| 700 | 1 |
_aKeall, E. J. _d1939- _q(Edward John) _926349 |
|
| 700 | 1 |
_aNagai-Berthrong, E. _d1946- _q(Evelyn) _926350 |
|
| 710 | 2 |
_aRoyal Ontario Museum _926351 |
|
| 902 | _aGRL | ||
| 942 |
_2lcc _cB |
||
| 999 |
_c10086 _d10086 |
||